Cyclisme: Le classement des victoires en 2023 - Statistiques

Statistiques générales
  • Ce quiz a été pris 507 fois
  • Le résultat moyen est 13 sur 31
Statistiques - réponses
Nat. Coureur Victoires % Correct
🇸🇮 Tadej Pogacar 17
100%
🇩🇰 Jonas Vingegaard 15
96%
🇸🇮 Primoz Roglic 15
91%
🇧🇪 Wout van Aert 5
90%
🇳🇱 Mathieu Van der Poel 6
89%
🇧🇪 Remco Evenepoel 13
85%
🇧🇪 Jasper Philipsen 19
84%
🇩🇰 Mads Pedersen 7
68%
🇰🇿 Alexey Lutsenko 9
64%
🇧🇪 Tim Merlier 11
51%
🇫🇷 Christophe Laporte 5
48%
🇧🇪 Arnaud De Lie 10
42%
🇸🇮 Matej Mohoric 6
41%
🇳🇱 Fabio Jakobsen 7
35%
🇨🇭 Marc Hirschi 7
34%
🇬🇧 Adam Yates 5
32%
🇳🇱 Olav Kooij 13
31%
🇮🇪 Ben Healy 5
30%
🇮🇹 Filippo Ganna 6
27%
🇩🇰 Mattias Skjelmose 7
26%
🇳🇱 Dylan Groenewegen 6
23%
🇵🇹 Rui Costa 5
22%
🇫🇷 Romain Grégoire 5
16%
🇦🇺 Kaden Groves 7
15%
🇨🇴 Juan Sebastian Molano 5
8%
🇫🇷 Rémi Cavagna 5
7%
🇳🇴 Søren Wærenskjold 6
4%
🇳🇱 Arvid De Kleijn 6
3%
🇬🇧 Ethan Vernon 5
2%
🇳🇿 George Jackson 5
2%
🇪🇷 Henok Mulubrhan 6
2%
Aucun quiz correspondant
Distribution des résultats
% des personnes avec chaque résultat
Percentile par nombre de réponses
Votre historique - résultats
Vous n’avez pas pris ce quiz